| 000 | 00770nam a2200253 a 4500 | ||
|---|---|---|---|
| 001 | 69224 | ||
| 003 | BD-RjUL | ||
| 005 | 20211209081848.0 | ||
| 008 | 170410s1997 nyua b 001 0 eng d | ||
| 020 | _a0471597929 (pbk. : alk. paper) | ||
| 035 | _a(BD-RjUL)69435 | ||
| 040 |
_aDLC _cDLC _dBD-RjUL _beng |
||
| 041 | _aeng | ||
| 082 | 0 | 0 |
_223 _a571.6 _bFRO 1997 |
| 245 | 0 | 0 |
_aFrom genes to cells / _cStephen R. Bolsover ... [et al.]. |
| 260 |
_aNew York : _bWiley-Liss, _cc1997. |
||
| 300 |
_axv, 424 p. : _bill. ; _c26 cm. |
||
| 504 | _aIncludes bibliographical references (p. 355-359) and index. | ||
| 650 | 0 |
_aCytology. _9116684 |
|
| 650 | 0 |
_aMolecular biology. _9205095 |
|
| 700 | 1 |
_aBolsover, Stephen R. _9205096 |
|
| 942 |
_2ddc _cBK |
||
| 999 |
_c69224 _d69224 |
||